Welcome to the Holygrace Academy Library

Please use search bar below to get started

AMELIA JANE AGAIN! (Record no. 213)

MARC details
000 -LEADER
fixed length control field 00662nam a22001457a 4500
020 ## - INTERNATIONAL STANDARD BOOK NUMBER
ISBN 0-7497-0761-5
082 ## - DEWEY DECIMAL CLASSIFICATION NUMBER
Classification number 823
Item number BLY/A
100 ## - MAIN ENTRY--AUTHOR NAME
Personal name ENID BLYTON
245 ## - TITLE STATEMENT
Title AMELIA JANE AGAIN!
260 ## - PUBLICATION, DISTRIBUTION, ETC. (IMPRINT)
Place of publication GREAT BRITAIN
Name of publisher MAMMOTH
300 ## - PHYSICAL DESCRIPTION
Number of Pages 184
520 ## - SUMMARY, ETC.
Summary, etc AMELIA JANE IS A VERY BAD DOLL. SHE'S ALWAYS MAKING TROUBLE FOR THE OTHER TOYS IN THE NURSERY. SHE CATCHES THEM IN A BUTTERFLY NET, SHE HIDES THEIR SHOES DOWN IN A MOUSE-HOLE, AND SHE PELTS THEM WITH SNOWBALLS. SOMETIMES THE TOYS PLAY TRICKS ON AMELIA JANE TOO, AND THEN SHE PROMISES TO BE GOOD - BUT IT'S NOT LONG BEFORE SHE'S NAUGHTY AGAIN!
650 ## - SUBJECT ADDED ENTRY--TOPICAL TERM
Topical Term CHILDREN'S STORY BOOK
Geographic subdivision UNITED KINGDOM
942 ## - ADDED ENTRY ELEMENTS (KOHA)
Koha item type Books
Holdings
Withdrawn status Lost status Collection code Home library Current library Shelving location Date acquired Full call number Accession Number Koha item type
    Fiction Main Library Main Library SHELF-12D-ENID BLYTON FAMOUS FIVE 08/03/2002 823 BLY/A 00037 Books